| 000 | 00611nam a22001937a 4500 | ||
|---|---|---|---|
| 003 | OSt | ||
| 005 | 20251206032753.0 | ||
| 008 | 251206b |||||||| |||| 00| 0 eng d | ||
| 020 | _a0-7216-4459-7. | ||
| 040 |
_aDWCL-Main lib. _cOC |
||
| 082 |
_22nd ed. _aCirc. 610.73 M528s 1995 |
||
| 100 | _aMelonakos, Kathleen | ||
| 245 |
_aSaunders pocket reference for nurses/ _cKathleen Melonakos |
||
| 250 | _a2nd ed. | ||
| 260 |
_aPhiladelphia : _bW. B. Saunders Company, _cc1995. |
||
| 300 |
_axvii, 715 p. ; _c19 cm. |
||
| 650 | _aNursing-Handbooks, manuals, etc. | ||
| 942 |
_2ddc _cBK-CIRC _e2nd ed. _hCirc. _n0 |
||
| 999 |
_c6996 _d6996 |
||